<?xml version="1.0" encoding="UTF-8"?>
<record
    xmlns:xsi="http://www.w3.org/2001/XMLSchema-instance"
    xsi:schemaLocation="http://www.loc.gov/MARC21/slim http://www.loc.gov/standards/marcxml/schema/MARC21slim.xsd"
    xmlns="http://www.loc.gov/MARC21/slim">

  <leader>01343nam a2200337   4500</leader>
  <controlfield tag="001">2559806</controlfield>
  <controlfield tag="005">20150626125021.0</controlfield>
  <controlfield tag="007">000</controlfield>
  <controlfield tag="008">000 </controlfield>
  <datafield tag="010" ind1=" " ind2=" ">
    <subfield code="a">   95014471 </subfield>
  </datafield>
  <datafield tag="020" ind1=" " ind2=" ">
    <subfield code="a">0435089765 (Heinemann cloth : acidfree paper)</subfield>
  </datafield>
  <datafield tag="020" ind1=" " ind2=" ">
    <subfield code="a">0435089781 (Heinemann paper)</subfield>
  </datafield>
  <datafield tag="020" ind1=" " ind2=" ">
    <subfield code="a">0852556713 (James Currey cloth)</subfield>
  </datafield>
  <datafield tag="020" ind1=" " ind2=" ">
    <subfield code="a">0852556217 (James Currey paper)</subfield>
  </datafield>
  <datafield tag="040" ind1=" " ind2=" ">
    <subfield code="a">UOEL</subfield>
    <subfield code="c">DLC</subfield>
    <subfield code="d">DLC</subfield>
  </datafield>
  <datafield tag="043" ind1=" " ind2=" ">
    <subfield code="a">f-mz---</subfield>
  </datafield>
  <datafield tag="050" ind1="0" ind2="0">
    <subfield code="a">HD9087.M6</subfield>
    <subfield code="b">I8 1996</subfield>
  </datafield>
  <datafield tag="082" ind1="0" ind2="0">
    <subfield code="a">338.1/7351/09679</subfield>
    <subfield code="2">20</subfield>
  </datafield>
  <datafield tag="100" ind1="1" ind2=" ">
    <subfield code="a">Isaacman, Allen F.</subfield>
  </datafield>
  <datafield tag="245" ind1="1" ind2="0">
    <subfield code="a">Cotton is the mother of poverty :</subfield>
    <subfield code="b">peasants, work, and rural struggle in colonial Mozambique, 1938-1961 /</subfield>
    <subfield code="c">Allen Isaacman.</subfield>
  </datafield>
  <datafield tag="260" ind1=" " ind2=" ">
    <subfield code="a">Portsmouth, N.H. :</subfield>
    <subfield code="b">Heinemann ;</subfield>
    <subfield code="a">Cape Town [South Africa] :</subfield>
    <subfield code="b">David Philip ;</subfield>
    <subfield code="a">London :</subfield>
    <subfield code="b">James Currey,</subfield>
    <subfield code="c">c1996.</subfield>
  </datafield>
  <datafield tag="300" ind1=" " ind2=" ">
    <subfield code="a">xii, 272 p. :</subfield>
    <subfield code="b">ill., maps ;</subfield>
    <subfield code="c">24 cm.</subfield>
  </datafield>
  <datafield tag="440" ind1=" " ind2="0">
    <subfield code="a">Social history of Africa</subfield>
  </datafield>
  <datafield tag="504" ind1=" " ind2=" ">
    <subfield code="a">Includes bibliographical references and index.</subfield>
  </datafield>
  <datafield tag="650" ind1=" " ind2="0">
    <subfield code="a">Cotton growing</subfield>
    <subfield code="z">Mozambique</subfield>
    <subfield code="x">History</subfield>
    <subfield code="y">20th century.</subfield>
  </datafield>
  <datafield tag="650" ind1=" " ind2="0">
    <subfield code="a">Peasants</subfield>
    <subfield code="z">Mozambique</subfield>
    <subfield code="x">History</subfield>
    <subfield code="y">20th century.</subfield>
  </datafield>
  <datafield tag="651" ind1=" " ind2="0">
    <subfield code="a">Mozambique</subfield>
    <subfield code="x">Rural conditions.</subfield>
  </datafield>
  <datafield tag="906" ind1=" " ind2=" ">
    <subfield code="a">7</subfield>
    <subfield code="b">cbc</subfield>
    <subfield code="c">orignew</subfield>
    <subfield code="d">1</subfield>
    <subfield code="e">ocip</subfield>
    <subfield code="f">19</subfield>
    <subfield code="g">y-gencatlg</subfield>
  </datafield>
  <datafield tag="942" ind1=" " ind2=" ">
    <subfield code="2">lcc</subfield>
    <subfield code="c">LL</subfield>
  </datafield>
  <datafield tag="999" ind1=" " ind2=" ">
    <subfield code="c">10829</subfield>
    <subfield code="d">10829</subfield>
  </datafield>
  <datafield tag="952" ind1=" " ind2=" ">
    <subfield code="0">0</subfield>
    <subfield code="1">0</subfield>
    <subfield code="2">lcc</subfield>
    <subfield code="4">0</subfield>
    <subfield code="7">0</subfield>
    <subfield code="a">UOE</subfield>
    <subfield code="b">UOE</subfield>
    <subfield code="c">GEN</subfield>
    <subfield code="d">2015-06-26</subfield>
    <subfield code="l">0</subfield>
    <subfield code="o">HD9087.M6 I8 1996</subfield>
    <subfield code="p">10062321</subfield>
    <subfield code="r">2026-04-27 11:37:40</subfield>
    <subfield code="t">10062321</subfield>
    <subfield code="w">2015-06-26</subfield>
    <subfield code="y">LL</subfield>
  </datafield>
  <datafield tag="952" ind1=" " ind2=" ">
    <subfield code="0">0</subfield>
    <subfield code="1">0</subfield>
    <subfield code="2">lcc</subfield>
    <subfield code="4">0</subfield>
    <subfield code="7">0</subfield>
    <subfield code="a">UOE</subfield>
    <subfield code="b">UOE</subfield>
    <subfield code="c">GEN</subfield>
    <subfield code="d">2015-06-26</subfield>
    <subfield code="l">0</subfield>
    <subfield code="o">HD9087.M6 I8 1996</subfield>
    <subfield code="p">10062322</subfield>
    <subfield code="r">2026-04-27 11:37:40</subfield>
    <subfield code="t">10062322</subfield>
    <subfield code="w">2015-06-26</subfield>
    <subfield code="y">LL</subfield>
  </datafield>
</record>
